Co To Za Flaga Europy? - Statystyki

Ogólne statystyki
  • Ten quiz został rozwiązany 268 razy
  • Średni wynik to 14 z 15
Statystyki odpowiedzi
Obrazkowy Odpowiedź % Poprawnych
Niemcy
100%
Czechy
99%
Hiszpania
99%
Polska
99%
Rosja
99%
Ukraina
98%
Grecja
97%
Szwecja
97%
Estonia
95%
Finlandia
95%
Chorwacja
94%
Albania
92%
Holandia
90%
Łotwa
87%
Serbia
86%
Nie znaleziono quizów pasujących do podanych kryteriów
Rozkład punktacji
Procent ludzi z każdym wynikiem
Percentyl według liczby udzielonych odpowiedzi
Twoja historia wyników
Nie rozwiązałeś tego quizu